Galáxias (Registo nº 4398)

Detalhes MARC
000 -Etiqueta do registo
Cabeçalho 00891cam a2200325 4500
005 - Identificador da versão
Campo de controlo 20240813122100.0
095 ## -
-- PTBN00786352
010 ## - Número internacional normalizado dos livros (ISBN)
Número (ISBN) 9722318381
021 ## - Número do Depósito Legal
Código do país PT
Número 80415/94
100 ## - Dados gerais de processamento
Dados gerais de processamento 19951218d1994 am y0pory5003 ba
102 ## - Pais de publicação ou produção
País de publicação Portugal
101 1# - Língua de publicação
Língua do texto, banda sonora, etc. Português
Língua do documento no original Inglês
106 ## - Campo de dados codificados: material textual
Dados codificados do material textual r
105 ## - Campo de dados codificados: livros
Dados codificados dos livros a z 001yy
215 ## - Descrição física 
Indicação específica da natureza do documento e extensão da espécie 31 p.
Outras indicações físicas muito il.
Dimensões 27 cm
200 1# - Titulo e menção de responsabilidade
Título próprio Galáxias
Primeira menção de responsabilidade Robert Estalella
Outras menções de responsabilidade il. Miquel Ferrón
-- trad. Eduardo Nogueiera
225 1# - Colecção 
Título próprio da colecção Janela para o universo
205 ## - Menção da edição
Menção da edição 1ª ed
210 ## - Publicação, Distribuição, etc. 
Lugar da edição, distribuição, etc. Lisboa
Nome do editor, distribuidor, etc. Presença
Data da publicação, distribuição, etc. 1994
304 ## - Notas relativas a título e menção de responsabilidade 
Texto da nota Tít. orig.: Las galaxias
675 ## - Classificação Decimal Universal (CDU)
Notação 087.5
Edição BN
Língua da edição por
Notação 523
Edição BN
Língua da edição por
702 #1 - Nome de autor-pessoa física (responsabilidade secundária)
Número de registo de entrada de autoridade 0001220
Palavra de ordem Ferrón
Outra parte do nome não tomada para palavra de ordem Miquel
Código de função Ilustrador / Técnico de desenho computorizado
Número de registo de entrada de autoridade 0001217
Palavra de ordem Nogueira
Outra parte do nome não tomada para palavra de ordem Eduardo Lúcio
Código de função Tradutor
700 #1 - Nome de autor-pessoa física (responsabilidade principal)
Número de registo de entrada de autoridade 0001216
Palavra de ordem Estalella
Outra parte do nome não tomada para palavra de ordem Robert
942 ## - Elementos de entrada adicionados (Koha)
Tipo de item no Koha Livro
Exemplares
Situação do levantamento Origin of item (home branch) (coded) Biblioteca de empréstimo Código de barras Cota Circulation type (not for loan) Tipo de documento Nota do exemplar Damaged status
  Biblioteca Escolar das Vendas Biblioteca Escolar das Vendas BEV583 5AST EST   Livro Sem mensagem